Reading recovery : myth and reality (Record no. 75663)

MARC details
000 -CABECERA
campo de control de longitud fija 00657nam a2200229 a 4500
005 - FECHA Y HORA DE LA ÚLTIMA TRANSACCIÓN
campo de control 20210219153404.0
008 - ELEMENTOS DE LONGITUD FIJA--INFORMACIÓN GENERAL
campo de control de longitud fija 991125n 000 0 u
035 ## - NÚMERO DE CONTROL DEL SISTEMA
Número de control de sistema UPN01000095801
100 1# - ASIENTO PRINCIPAL--NOMBRE PERSONAL
Nombre de persona Wade, Barrie
222 #0 - TÍTULO CLAVE
Título clave BRITISH JOURNAL OF SPECIAL EDUCATION
245 00 - MENCIÓN DE TÍTULO
Título Reading recovery : myth and reality
260 ## - PUBLICACIÓN, DISTRIBUCIÓN, ETC.
Lugar de publicación, distribución, etc. Reino Unido
300 ## - DESCRIPCIÓN FÍSICA
Extensión 48-51
362 0# - FECHAS DE PUBLICACIÓN Y/O DESIGNACIÓN SECUENCIAL
Fecha de publicación y/o designación secuencial 1992 Vol.19, No. 2, jun.
653 0# - TERMINO DE INDIZACION - NO CONTROLADO
Término no controlado EFICACIA DE LA ENSEÑANZA
653 0# - TERMINO DE INDIZACION - NO CONTROLADO
Término no controlado ESTUDIANTES CON NECESIDADES ESPECIALES
653 0# - TERMINO DE INDIZACION - NO CONTROLADO
Término no controlado INSTRUCCION DE LA LECTURA
653 0# - TERMINO DE INDIZACION - NO CONTROLADO
Término no controlado LECTURA TERAPEUTICA
653 0# - TERMINO DE INDIZACION - NO CONTROLADO
Término no controlado READING DIFFICULTIES
904 ## - ELEMENTOS DE DATOS D LOCAL, LDD (RLIN)
a AC
b 033612
905 ## - TIPO DE MATERIAL
Tipo de material Articulo

No items available.